00840nam a2200229 a 450000100060000000300080000600500170001400800410003103500190007204000330009104100080012408200220013210000440015424500870019826000310028530000320031650400510034860000400039994200120043999900170045195201420046825086BD-RjUL20211209050829.0140316s1965 a b 001 0 eng d a(BD-RjUL)25155 aVCAVbengcVCAVdNUdBD-RjUL aeng04a944.081bKED 19651 aKedward, H. R.q(Harry Roderick)97718514aThe Dreyfus affair :bcatalyst for tensions in French society /cby H. R. Kedward. aLondon :bLongmans,c1965. avi, 140 p :bill. ;c22 cm. aIncludes bibliographical references and index.10aDreyfus, Alfred,d1859-1935.977189 2ddccBK c25086d25086 00102ddc40728NFICaRUCLbRUCLcReadingd1968-12-31eZeitlinger.g10.60l0o944.081 KED 1965r2014-03-16 00:00:00tC-1w2014-03-16yBK